[Event "Rated Rapid game"]
[Site "?"]
[Date "2021.04.06"]
[Round "?"]
[White "LZ97"]
[Black "todosarrugan"]
[Result "1-0"]
[WhiteElo "2474"]
[BlackElo "2402"]
[PlyCount "62"]
[EventDate "2021.??.??"]
[EventType "rapid"]

1. e4 e5 2. Nf3 d5 3. exd5 e4 4. Nd4 Qxd5 5. Nb3 a6 6. Nc3 Qe5 7. Qe2 f5 8. d4
Qe6 9. Bf4 Bd6 10. d5 Qf7 11. Bxd6 cxd6 12. f3 Nf6 13. fxe4 O-O 14. O-O-O fxe4
15. Nxe4 Nxe4 16. Qxe4 Bf5 17. Qb4 Nd7 18. Qxd6 Rac8 19. Bd3 Kh8 20. Bxf5 Qxf5
21. Nd4 Qg5+ 22. Kb1 Nc5 23. Rhf1 Rfd8 24. Rf5 Qxg2 25. Qf4 h6 26. c4 Qe4+ 27.
Qxe4 Nxe4 28. Ne6 Re8 29. Rd4 Nd6 30. Rff4 b5 31. c5 Nc4 {Normal} 1-0

[Event "Rated Blitz game"]
[Site "?"]
[Date "2021.04.06"]
[Round "?"]
[White "kurdistan98"]
[Black "GrandeGila"]
[Result "0-1"]
[WhiteElo "2292"]
[BlackElo "2438"]
[PlyCount "112"]
[EventDate "2021.??.??"]
[EventType "blitz"]

1. e4 e5 2. Nf3 d5 3. exd5 e4 4. Qe2 Nf6 5. d3 Qxd5 6. dxe4 Qxe4 7. Nbd2 Qxe2+
8. Bxe2 Bf5 9. c3 Nbd7 10. O-O O-O-O 11. Nc4 Bc5 12. Bf4 Nd5 13. Bg3 Rhe8 14.
Rfe1 f6 15. Rad1 N7b6 16. Nxb6+ Bxb6 17. Bd3 Rxe1+ 18. Nxe1 Bxd3 19. Rxd3 g5
20. Kf1 c6 21. c4 Ne7 22. Rxd8+ Kxd8 23. f3 Bd4 24. b3 Nf5 25. Bf2 Kd7 26. Nc2
Be5 27. g3 b6 28. Ke2 Ke6 29. Ne3 Nd4+ 30. Kd3 Nxf3 31. Ng4 h5 32. Nxe5 Nxe5+
33. Ke2 Ng4 34. Bg1 Ke5 35. h3 Nh6 36. b4 Ke4 37. a4 Nf5 38. Bf2 Nd4+ 39. Kd2
f5 40. Kc3 Ne6 41. Be1 f4 42. gxf4 gxf4 43. a5 bxa5 44. b5 cxb5 45. cxb5 Kd5
46. Kb3 f3 47. Ka4 Nc5+ 48. Kxa5 Nd3 49. Bg3 f2 50. Bxf2 Nxf2 51. h4 Kc5 52.
Ka6 Nd3 53. Kxa7 Kxb5 54. Kb7 Kc5 55. Kc7 Kd5 56. Kd7 Ke5 {Normal} 0-1

[Event "Rated Blitz game"]
[Site "?"]
[Date "2021.04.06"]
[Round "?"]
[White "Impreg"]
[Black "pasha1984"]
[Result "1-0"]
[WhiteElo "2516"]
[BlackElo "2413"]
[PlyCount "45"]
[EventDate "2021.??.??"]
[EventType "blitz"]

1. e4 e5 2. Nf3 d5 3. exd5 e4 4. Qe2 Nf6 5. Nc3 Be7 6. Ng5 O-O 7. Ngxe4 Re8 8.
d3 Bb4 9. Bd2 Nxd5 10. Nxd5 Bxd2+ 11. Qxd2 Qxd5 12. Be2 f5 13. Nc3 Qxg2 14.
O-O-O Nc6 15. Rdf1 Bd7 16. Qf4 Ne5 17. Rhg1 Qh3 18. Rg3 Ng6 19. Qc4+ Be6 20.
Rxh3 Bxc4 21. dxc4 Nf4 22. Re3 Nxe2+ 23. Rxe2 {Normal} 1-0

[Event "Rated Blitz game"]
[Site "?"]
[Date "2021.04.06"]
[Round "?"]
[White "boblibob"]
[Black "King_bg03"]
[Result "0-1"]
[WhiteElo "2433"]
[BlackElo "2479"]
[PlyCount "44"]
[EventDate "2021.??.??"]
[EventType "blitz"]

1. e4 e5 2. Nf3 d5 3. exd5 e4 4. Ne5 Qxd5 5. Nc4 Nf6 6. Nc3 Qf5 7. Ne3 Qd7 8.
Bc4 Nc6 9. a3 Ne5 10. Ba2 Bd6 11. h3 c6 12. Qe2 O-O 13. b4 a5 14. b5 Bb8 15. a4
Re8 16. Ba3 Bd6 17. Bxd6 Qxd6 18. O-O Bxh3 19. Nxe4 Nxe4 20. gxh3 Nxd2 21. Rfd1
Nef3+ 22. Qxf3 Nxf3+ {Normal} 0-1

[Event "Rated Blitz game"]
[Site "?"]
[Date "2021.04.06"]
[Round "?"]
[White "boblibob"]
[Black "King_bg03"]
[Result "0-1"]
[WhiteElo "2431"]
[BlackElo "2480"]
[PlyCount "138"]
[EventDate "2021.??.??"]
[EventType "blitz"]

1. e4 e5 2. Nf3 d5 3. exd5 e4 4. Ne5 Nf6 5. Bb5+ Nbd7 6. c4 Bd6 7. Nxd7 Bxd7 8.
Bxd7+ Qxd7 9. Nc3 O-O 10. O-O Rfe8 11. d3 e3 12. Bxe3 Ng4 13. h3 Nxe3 14. fxe3
Rxe3 15. Qd2 Rg3 16. Ne4 Qxh3 17. Nxg3 Qxg3 18. Rfe1 Qh2+ 19. Kf1 Bg3 20. Qe3
Qh1+ 21. Qg1 Qxg1+ 22. Kxg1 Bxe1 23. Rxe1 Kf8 24. Kf2 Re8 25. Rh1 h6 26. b4 Re5
27. a4 Ke7 28. a5 Kd6 29. Rh4 a6 30. Rf4 f6 31. d4 Rh5 32. Re4 Rh1 33. Re6+ Kd7
34. c5 Rd1 35. Re4 Rd2+ 36. Kf3 Rb2 37. g4 Rxb4 38. Kf4 g6 39. Ke3 Rb3+ 40. Kf4
g5+ 41. Kf5 Rf3+ 42. Kg6 Rf4 43. Re6 Rxd4 44. c6+ bxc6 45. Rxc6 Rxd5 46. Rxa6
Rd4 47. Kf5 Rf4+ 48. Kg6 Rxg4 49. Kxh6 f5 50. Rg6 Ra4 51. a6 g4 52. Kg5 Ra5 53.
a7 Rxa7 54. Kxf5 Ra4 55. Ke5 Kc8 56. Kd5 Kb7 57. Kc5 Rf4 58. Rg5 Kc8 59. Kc6
Rc4+ 60. Kd5 Rf4 61. Kc6 Kd8 62. Rg8+ Ke7 63. Kxc7 Ke6 64. Re8+ Kf5 65. Rf8+
Ke4 66. Rg8 Kf3 67. Kd6 g3 68. Ke5 Rg4 69. Rf8+ Ke3 {Time forfeit} 0-1

[Event "Rated Blitz game"]
[Site "?"]
[Date "2021.04.06"]
[Round "?"]
[White "ZenModeChess"]
[Black "Dr_Bledow"]
[Result "0-1"]
[WhiteElo "2418"]
[BlackElo "2516"]
[PlyCount "62"]
[EventDate "2021.??.??"]
[EventType "blitz"]

1. e4 e5 2. Nf3 d5 3. exd5 e4 4. Qe2 Nf6 5. d3 Qxd5 6. Nbd2 Bb4 7. dxe4 Qxe4 8.
c3 Qxe2+ 9. Bxe2 Be7 10. Nc4 Be6 11. Nce5 Nbd7 12. Nxd7 Nxd7 13. Be3 Bc5 14.
Bxc5 Nxc5 15. O-O-O Ke7 16. b3 Rhd8 17. Nd4 Ne4 18. Nxe6 fxe6 19. Kc2 Nxf2 20.
Rxd8 Rxd8 21. Rf1 Ne4 22. Bf3 Nd2 23. Rf2 Nxf3 24. Rxf3 Rf8 25. Rg3 Rf2+ 26.
Kd3 g6 27. a4 e5 28. b4 Ke6 29. c4 b6 30. c5 bxc5 31. bxc5 Kd5 {Normal} 0-1

[Event "Rated Blitz game"]
[Site "?"]
[Date "2021.04.06"]
[Round "?"]
[White "QMagico"]
[Black "annaly1979"]
[Result "1/2-1/2"]
[WhiteElo "2403"]
[BlackElo "2429"]
[PlyCount "94"]
[EventDate "2021.??.??"]
[EventType "blitz"]

1. e4 e5 2. Nf3 d5 3. d4 dxe4 4. Nxe5 Bd6 5. Nc4 Nf6 6. Be2 O-O 7. O-O h6 8. c3
Nc6 9. Nxd6 cxd6 10. Bf4 d5 11. Nd2 Bf5 12. Re1 Re8 13. Nf1 Ne7 14. Qb3 Ng6 15.
Bg3 b6 16. Ne3 Be6 17. a4 Nd7 18. Bb5 f5 19. Bc6 f4 20. Bxa8 Qxa8 21. a5 fxg3
22. hxg3 Qc6 23. axb6 axb6 24. Ra7 Nf6 25. Rea1 h5 26. R1a6 Rb8 27. Qa3 h4 28.
gxh4 Bc8 29. Ra4 b5 30. R4a5 b4 31. cxb4 Nxh4 32. b5 Qc1+ 33. Kh2 Ng6 34. Qc5
Qe1 35. Qc7 Rb7 36. Rxb7 Bxb7 37. Qxb7 Qxa5 38. Nxd5 Nxd5 39. Qxd5+ Kh7 40. Qc5
Qe1 41. Qh5+ Kg8 42. Qxg6 Qxf2 43. b6 Qh4+ 44. Kg1 Qe1+ 45. Kh2 Qh4+ 46. Kg1
Qe1+ 47. Kh2 Qh4+ {Normal} 1/2-1/2

[Event "Rated Blitz game"]
[Site "?"]
[Date "2021.04.06"]
[Round "?"]
[White "Beta99"]
[Black "Erow"]
[Result "0-1"]
[WhiteElo "2576"]
[BlackElo "2687"]
[PlyCount "72"]
[EventDate "2021.??.??"]
[EventType "blitz"]

1. e4 e5 2. Nf3 d5 3. exd5 e4 4. Ne5 Qxd5 5. d4 exd3 6. Nxd3 Nf6 7. Nc3 Qd8 8.
Be2 Bd6 9. Bg5 O-O 10. Qd2 Nc6 11. O-O-O Re8 12. Nd5 Be7 13. Nxe7+ Qxe7 14.
Rhe1 Be6 15. Bg4 Rad8 16. Bxe6 fxe6 17. Qe2 e5 18. f4 e4 19. Nf2 Rxd1+ 20. Rxd1
h6 21. Bxf6 Qxf6 22. g3 e3 23. Ng4 Qe6 24. b3 h5 25. f5 Qe4 26. Nf6+ gxf6 27.
Qxh5 Re7 28. Qg6+ Rg7 29. Qxf6 e2 30. Re1 Nd4 31. Qd8+ Kh7 32. Qh4+ Qxh4 33.
gxh4 Re7 34. f6 Re6 35. f7 Kg7 36. f8=Q+ Kxf8 {Normal} 0-1

[Event "Rated Blitz game"]
[Site "?"]
[Date "2021.04.06"]
[Round "?"]
[White "GOGAME2018"]
[Black "lavilaine"]
[Result "0-1"]
[WhiteElo "2402"]
[BlackElo "2362"]
[PlyCount "60"]
[EventDate "2021.??.??"]
[EventType "blitz"]

1. e4 e5 2. Nf3 d5 3. Nxe5 Qe7 4. d4 f6 5. Qh5+ g6 6. Nxg6 Qxe4+ 7. Be2 Qxg6 8.
Qxd5 Ne7 9. Qf3 Nbc6 10. c3 Bh6 11. Bxh6 Qxh6 12. Na3 Bf5 13. O-O O-O-O 14. Nb5
Rhg8 15. Rfe1 Bg4 16. Qe4 Bxe2 17. Rxe2 Qg5 18. g3 Qxb5 19. a4 Qd5 20. Qf4 Qf5
21. Qd2 Nd5 22. a5 Nf4 23. Re3 Ne5 24. a6 Nc4 25. axb7+ Kb8 26. Qd1 Nh3+ 27.
Kg2 Qxf2+ 28. Kxh3 Nxe3 29. Qh1 Rg6 30. Qe4 Rh6+ {Normal} 0-1

[Event "Rated Blitz tournament a4RTU1G6"]
[Site "?"]
[Date "2021.04.06"]
[Round "?"]
[White "vitezizgorobilja"]
[Black "Lur15"]
[Result "0-1"]
[WhiteElo "2417"]
[BlackElo "2355"]
[PlyCount "132"]
[EventDate "2021.??.??"]
[EventType "blitz"]

1. e4 e5 2. Nf3 d5 3. d4 dxe4 4. Nxe5 Bd6 5. Nc4 Nf6 6. Be2 O-O 7. Nxd6 Qxd6 8.
O-O Nc6 9. c3 Bf5 10. Be3 Rad8 11. Nd2 Bg6 12. Nb3 b6 13. c4 a5 14. d5 Ne5 15.
Nd4 Nd3 16. Nb5 Qd7 17. Bxd3 exd3 18. Bg5 Rde8 19. Bxf6 gxf6 20. Re1 Rxe1+ 21.
Qxe1 Re8 22. Qc3 Kg7 23. Re1 Re2 24. Nd4 Rxe1+ 25. Qxe1 Qa4 26. b3 Qxa2 27. h4
Qb2 28. Nf3 Bh5 29. Nd2 Be2 30. f3 Qd4+ 31. Qf2 Qa1+ 32. Kh2 Qe5+ 33. g3 Kf8
34. Kg2 Ke7 35. Ne4 h6 36. d6+ Kd7 37. dxc7 Kxc7 38. g4 f5 39. gxf5 Qxf5 40.
Qe3 Qg6+ 41. Kf2 Qc6 42. Ng3 Qc5 43. Nxe2 Qxe3+ 44. Kxe3 dxe2 45. Kxe2 Kc6 46.
Kd3 Kc5 47. Kc3 f5 48. h5 f4 49. Kb2 Kb4 50. Kc2 a4 51. bxa4 Kxc4 52. Kd2 Kb4
53. Kd3 Kxa4 54. Ke4 b5 55. Kxf4 b4 56. Ke5 b3 57. f4 b2 58. f5 b1=Q 59. f6 Qh7
60. Ke6 Qg8+ 61. Ke7 Qg5 62. Kf7 Qxh5+ 63. Kg7 Qg5+ 64. Kf7 Qxf6+ 65. Kxf6 h5
66. Kg6 h4 {Time forfeit} 0-1

[Event "Rated Blitz game"]
[Site "?"]
[Date "2021.04.06"]
[Round "?"]
[White "Chess3054"]
[Black "annaly1979"]
[Result "1-0"]
[WhiteElo "2477"]
[BlackElo "2423"]
[PlyCount "87"]
[EventDate "2021.??.??"]
[EventType "blitz"]

1. e4 e5 2. Nf3 d5 3. exd5 e4 4. Qe2 f5 5. d3 Nf6 6. Nc3 Bb4 7. Bg5 Bxc3+ 8.
bxc3 O-O 9. Nd4 c5 10. dxc6 Nxc6 11. Nxc6 bxc6 12. dxe4 fxe4 13. Qc4+ Kh8 14.
Be2 Qa5 15. Bxf6 Rxf6 16. O-O Bf5 17. Rfd1 Raf8 18. Qd4 Bg6 19. Rf1 h6 20. a4
Rd8 21. Qb4 Qg5 22. Qe7 Rd2 23. Bc4 e3 24. Qxe3 Qxe3 25. fxe3 Rxc2 26. Rxf6
gxf6 27. Rd1 Rxc3 28. Rd8+ Kg7 29. Rd7+ Kh8 30. Be6 Rxe3 31. Bc4 a5 32. Rc7 Be4
33. Kf2 Rc3 34. Be6 f5 35. h4 Rc2+ 36. Ke3 Rxg2 37. h5 Rg3+ 38. Kf4 Ra3 39. Ke5
Rg3 40. Kf6 f4 41. Bf7 Rg7 42. Rc8+ Kh7 43. Re8 Bd5 44. Bg6+ {Normal} 1-0

[Event "Rated Blitz game"]
[Site "?"]
[Date "2021.04.06"]
[Round "?"]
[White "actionbee"]
[Black "Maltinho"]
[Result "1-0"]
[WhiteElo "2398"]
[BlackElo "2572"]
[PlyCount "49"]
[EventDate "2021.??.??"]
[EventType "blitz"]

1. e4 e5 2. Nf3 d5 3. d4 dxe4 4. Nxe5 Bd6 5. Qh5 Qe7 6. Nc3 Nf6 7. Qg5 O-O 8.
Bc4 Nc6 9. Nxc6 bxc6 10. O-O h6 11. Qh4 Bf5 12. Be3 Rab8 13. Bb3 c5 14. dxc5
Bxc5 15. Bxc5 Qxc5 16. Rad1 Bg6 17. Nd5 Nxd5 18. Rxd5 Qb6 19. Rfd1 e3 20. fxe3
Qxe3+ 21. Qf2 Qb6 22. Rd7 c5 23. R7d6 Qb4 24. Rxg6 c4 25. Rg4 {Normal} 1-0

[Event "Rated Blitz game"]
[Site "?"]
[Date "2021.04.06"]
[Round "?"]
[White "el_primo1"]
[Black "Akbas_Kaan"]
[Result "1/2-1/2"]
[WhiteElo "2356"]
[BlackElo "2413"]
[PlyCount "71"]
[EventDate "2021.??.??"]
[EventType "blitz"]

1. e4 e5 2. Nf3 d5 3. exd5 e4 4. Qe2 Nf6 5. d3 Qxd5 6. dxe4 Qxe4 7. Qxe4+ Nxe4
8. Bd3 Nc5 9. Bc4 Be6 10. Bxe6 Nxe6 11. Nc3 Be7 12. Be3 O-O 13. O-O-O Nc6 14.
Nb5 a6 15. Nbd4 Ncxd4 16. Nxd4 Nxd4 17. Bxd4 Rad8 18. Be3 f5 19. Rxd8 Rxd8 20.
Rd1 Kf7 21. Rxd8 Bxd8 22. Kd2 Ke6 23. Kd3 Ke5 24. f3 g6 25. h3 Be7 26. Bd4+ Kd5
27. b3 c5 28. c4+ Ke6 29. Bb2 b5 30. a4 b4 31. Ke3 Bd6 32. g4 Be5 33. Bxe5 Kxe5
34. f4+ Kf6 35. g5+ Kg7 36. h4 {Normal} 1/2-1/2

[Event "Rated Blitz game"]
[Site "?"]
[Date "2021.04.06"]
[Round "?"]
[White "TheCabanyal"]
[Black "annaly1979"]
[Result "1-0"]
[WhiteElo "2303"]
[BlackElo "2418"]
[PlyCount "74"]
[EventDate "2021.??.??"]
[EventType "blitz"]

1. e4 e5 2. Nf3 d5 3. exd5 e4 4. Ne5 Bd6 5. d4 Nf6 6. f4 exf3 7. Qxf3 O-O 8.
Be2 Re8 9. Bf4 Nbd7 10. O-O Nxe5 11. dxe5 Bxe5 12. Bxe5 Rxe5 13. Nc3 Bg4 14.
Qg3 Bxe2 15. Qxe5 Bxf1 16. Rxf1 Qd6 17. Qxd6 cxd6 18. Re1 Kf8 19. Kf2 a6 20.
Kf3 g5 21. h4 h6 22. hxg5 hxg5 23. Rh1 Kg7 24. Re1 Kf8 25. Rh1 Rc8 26. Rh8+ Ng8
27. Ne4 Kg7 28. Rh5 f6 29. Nxd6 Rxc2 30. g4 Rxb2 31. Nf5+ Kg6 32. Rh8 Kf7 33.
Rh7+ Kf8 34. d6 Rd2 35. Rxb7 a5 36. Ke3 Rd5 37. Ke4 Rd3 {Normal} 1-0

[Event "Rated Blitz tournament a4RTU1G6"]
[Site "?"]
[Date "2021.04.06"]
[Round "?"]
[White "garryboyloverboy"]
[Black "Jenlen3001"]
[Result "0-1"]
[WhiteElo "2353"]
[BlackElo "2414"]
[PlyCount "66"]
[EventDate "2021.??.??"]
[EventType "blitz"]

1. e4 e5 2. Nf3 d5 3. d4 dxe4 4. Nxe5 Bd6 5. Nc4 Nf6 6. Be2 O-O 7. O-O Bf5 8.
c3 h6 9. Ne3 Bh7 10. Nd2 Ne8 11. Ndc4 f5 12. Nxd6 Nxd6 13. Nc4 f4 14. Nxd6 cxd6
15. Qb3+ Rf7 16. Bc4 Bg6 17. Qxb7 Nd7 18. Bxf7+ Kxf7 19. Qxe4 Bxe4 20. Re1 d5
21. Bxf4 Qf6 22. Bg3 Re8 23. b3 Bd3 24. Red1 Ba6 25. Rac1 Re2 26. c4 Rxa2 27.
cxd5 Bb5 28. h4 a6 29. Rc7 Qf5 30. d6 Rb2 31. Re1 Rb1 32. Rxb1 Qxb1+ 33. Kh2
Qxb3 {Normal} 0-1

[Event "Rated Blitz game"]
[Site "?"]
[Date "2021.04.06"]
[Round "?"]
[White "Verandering"]
[Black "Akbas_Kaan"]
[Result "1-0"]
[WhiteElo "2379"]
[BlackElo "2419"]
[PlyCount "119"]
[EventDate "2021.??.??"]
[EventType "blitz"]

1. e4 e5 2. Nf3 d5 3. exd5 e4 4. Qe2 Nf6 5. d3 Qxd5 6. dxe4 Qxe4 7. Qxe4+ Nxe4
8. Be3 Bc5 9. Bxc5 Nxc5 10. Nc3 O-O 11. O-O-O Nc6 12. Nd5 Be6 13. Nxc7 Rac8 14.
Nxe6 Nxe6 15. a3 a6 16. Bc4 Nc5 17. Rhe1 b5 18. Bd5 Na5 19. Kb1 Na4 20. Ne5 Nb6
21. Ba2 Nac4 22. Bxc4 Nxc4 23. Nxc4 Rxc4 24. c3 Rc7 25. Rd4 g6 26. Kc2 Kg7 27.
Re5 Kf6 28. f4 Rc6 29. g3 Rfc8 30. Kd3 h5 31. h3 R8c7 32. Red5 Rc8 33. Rd6+ Kf5
34. Rxc6 Rxc6 35. Rd5+ Kf6 36. b3 Ke6 37. Rd4 Kf5 38. Rd5+ Ke6 39. Kd4 f6 40.
c4 bxc4 41. bxc4 Rb6 42. Ra5 Rd6+ 43. Kc3 Ke7 44. g4 hxg4 45. hxg4 Ke6 46. Rc5
Rb6 47. g5 fxg5 48. Rxg5 Kf6 49. Ra5 Re6 50. Rd5 Rb6 51. c5 Rb5 52. Kc4 Ra5 53.
Kb4 Rb5+ 54. Ka4 Kf7 55. Rd7+ Kf8 56. Rc7 Ke8 57. c6 Kf8 58. Rd7 Rc5 59. c7 Ke8
60. Rd8+ {Normal} 1-0

[Event "Rated Blitz game"]
[Site "?"]
[Date "2021.04.06"]
[Round "?"]
[White "sr654"]
[Black "blastol"]
[Result "1-0"]
[WhiteElo "2521"]
[BlackElo "2368"]
[PlyCount "50"]
[EventDate "2021.??.??"]
[EventType "blitz"]

1. e4 e5 2. Nf3 d5 3. Nxe5 Bd6 4. d4 dxe4 5. Nc4 f5 6. Be2 Nf6 7. O-O Nc6 8. f4
exf3 9. Bxf3 O-O 10. Nxd6 Qxd6 11. c3 Ne4 12. Nd2 Ng5 13. Nc4 Qg6 14. Kh1 Be6
15. d5 Rad8 16. Qb3 Nxf3 17. dxe6 Nh4 18. g3 Qxe6 19. gxh4 Qe4+ 20. Kg1 Qg4+
21. Kh1 Kh8 22. Ne3 Qe4+ 23. Ng2 f4 24. Bxf4 Rd3 25. Rae1 Qg6 {Normal} 1-0

[Event "Rated Blitz tournament oQPGVFkN"]
[Site "?"]
[Date "2021.04.06"]
[Round "?"]
[White "hicus"]
[Black "NaestvedVinderAltid"]
[Result "1-0"]
[WhiteElo "2487"]
[BlackElo "2268"]
[PlyCount "101"]
[EventDate "2021.??.??"]
[EventType "blitz"]

1. e4 e5 2. Nf3 d5 3. exd5 e4 4. Qe2 Nf6 5. d3 Qxd5 6. dxe4 Qxe4 7. Bg5 Qxe2+
8. Bxe2 Ne4 9. Bf4 Bd6 10. Bxd6 Nxd6 11. Nc3 Nc6 12. Nd5 Kd8 13. O-O-O Be6 14.
Ng5 h6 15. Nxe6+ fxe6 16. Nf4 Ke7 17. Bg4 Ne5 18. Bh3 g5 19. Rhe1 gxf4 20. Rxe5
Rae8 21. Rxe6+ Kd8 22. Rde1 Rhf8 23. b3 a5 24. c4 b6 25. Kc2 Nb7 26. Rxe8+ Rxe8
27. Rxe8+ Kxe8 28. Kc3 Ke7 29. Bf5 Kd6 30. Bc2 Ke5 31. g3 Nd6 32. Bd3 fxg3 33.
hxg3 c6 34. f4+ Kf6 35. Kd4 Nc8 36. c5 b5 37. Be4 Ne7 38. a3 h5 39. b4 axb4 40.
axb4 Nf5+ 41. Bxf5 Kxf5 42. Ke3 Kg4 43. Kf2 h4 44. gxh4 Kxf4 45. Ke2 Kg4 46.
Ke3 Kxh4 47. Ke4 Kg4 48. Ke5 Kf3 49. Kd6 Ke4 50. Kxc6 Kd4 51. Kxb5 {Normal} 1-0

[Event "Rated Blitz game"]
[Site "?"]
[Date "2021.04.06"]
[Round "?"]
[White "sack11"]
[Black "annaly1979"]
[Result "0-1"]
[WhiteElo "2477"]
[BlackElo "2422"]
[PlyCount "130"]
[EventDate "2021.??.??"]
[EventType "blitz"]

1. e4 e5 2. Nf3 d5 3. d4 dxe4 4. Nxe5 Bd6 5. Nc4 Nf6 6. Nc3 h6 7. Be2 O-O 8.
O-O Bf5 9. Ne3 Bg6 10. Nb5 Nc6 11. c4 a6 12. Nxd6 cxd6 13. b3 Re8 14. Bb2 Ne7
15. d5 Nd7 16. Rc1 Rc8 17. Qd4 Ne5 18. Ng4 f6 19. Nxe5 fxe5 20. Qa7 Qc7 21. Bg4
Ra8 22. Qe3 Kh7 23. h4 h5 24. Be2 Rf8 25. g3 Nf5 26. Qg5 Qc5 27. Bxh5 Bxh5 28.
Qxh5+ Kg8 29. Qg5 Rf6 30. Rce1 Raf8 31. Rxe4 Nh6 32. Qe3 Qc8 33. c5 Qh3 34.
cxd6 Ng4 35. Rxg4 Qxg4 36. Qxe5 Rf5 37. Qe6+ Kh7 38. d7 Qf3 39. Bxg7 Kxg7 40.
Qe7+ R5f7 41. d8=Q Rxd8 42. Qxd8 Qf5 43. Qg5+ Qxg5 44. hxg5 Rf3 45. Rd1 Kf7 46.
d6 Ke8 47. d7+ Kd8 48. Kg2 Rf7 49. f4 a5 50. Kf3 b5 51. g4 a4 52. Rd4 axb3 53.
axb3 b4 54. f5 Rh7 55. Rxb4 Rh3+ 56. Kf4 Kxd7 57. g6 Rh1 58. Kg5 Ke7 59. f6+
Ke6 60. Rb6+ Ke5 61. g7 Rh8 62. g8=Q Rxg8+ 63. Kh4 Rh8+ 64. Kg3 Rf8 65. g5 Kf5
{Time forfeit} 0-1

[Event "Rated Rapid game"]
[Site "?"]
[Date "2021.04.05"]
[Round "?"]
[White "rPo6"]
[Black "todosarrugan"]
[Result "1-0"]
[WhiteElo "2426"]
[BlackElo "2382"]
[PlyCount "57"]
[EventDate "2021.??.??"]
[EventType "rapid"]

1. e4 e5 2. Nf3 d5 3. exd5 e4 4. Qe2 Nf6 5. d3 Bb4+ 6. c3 O-O 7. dxe4 Bc5 8.
Bg5 Re8 9. Nbd2 Nbd7 10. O-O-O c6 11. e5 Qa5 12. Qc4 Nxd5 13. Nb3 Qb6 14. Bd3
Bxf2 15. Qe4 g6 16. Bc4 Nf8 17. g4 Be6 18. Nbd4 Nxc3 19. Qc2 Bxd4 20. Rxd4
Nxa2+ 21. Bxa2 Bxa2 22. Bf6 Bd5 23. Rf4 Ne6 24. Qd2 Qc5+ 25. Kb1 Qa5 26. Qxa5
Nxf4 27. Qd2 Bxf3 28. Qxf4 Bxh1 29. Qh6 {Normal} 1-0

[Event "Rated Blitz game"]
[Site "?"]
[Date "2021.04.05"]
[Round "?"]
[White "MihailRodin"]
[Black "King_bg03"]
[Result "1-0"]
[WhiteElo "2482"]
[BlackElo "2493"]
[PlyCount "143"]
[EventDate "2021.??.??"]
[EventType "blitz"]

1. e4 e5 2. Nf3 d5 3. exd5 e4 4. Qe2 Nf6 5. Nc3 Be7 6. Nxe4 O-O 7. Nxf6+ Bxf6
8. d4 Re8 9. Be3 Qxd5 10. Qd2 Nc6 11. c3 Bf5 12. Be2 Na5 13. O-O Nc4 14. Bxc4
Qxc4 15. Rfe1 h6 16. Bf4 c6 17. Be5 Be7 18. Qf4 Be6 19. Nd2 Qb5 20. b3 Bf8 21.
Re3 f6 22. Bd6 Bf7 23. Bxf8 Rxe3 24. Qxe3 Rxf8 25. c4 Qb4 26. Ne4 Re8 27. Qc3
Qa3 28. f3 Bg6 29. Nc5 Re2 30. Nxb7 Rxa2 31. Rxa2 Qxa2 32. h3 Qb1+ 33. Kh2 Bc2
34. Nc5 Bf5 35. Qe3 Kh7 36. g4 Qc2+ 37. Kg3 Bg6 38. h4 h5 39. gxh5 Bxh5 40.
Qe4+ Bg6 41. Qxc2 Bxc2 42. Kf4 Kh6 43. d5 cxd5 44. cxd5 Bg6 45. d6 Be8 46. d7
Bxd7 47. Nxd7 Kh5 48. Kg3 Kg6 49. Nb8 Kf5 50. Nc6 a6 51. Nb4 a5 52. Nc6 Ke6 53.
Nxa5 Kd5 54. Nc4 Kc5 55. Kf4 Kd4 56. Kf5 Kd5 57. Kg6 Kd4 58. Kxg7 Kc3 59. h5
Kxb3 60. h6 Kxc4 61. h7 Kd4 62. Kxf6 Ke3 63. h8=Q Kxf3 64. Qh4 Ke3 65. Ke5 Kd3
66. Qd4+ Kc2 67. Kf4 Kb3 68. Ke3 Ka2 69. Qb6 Ka3 70. Kd3 Ka2 71. Kc2 Ka1 72.
Qb1# {Normal} 1-0

[Event "Rated Blitz game"]
[Site "?"]
[Date "2021.04.05"]
[Round "?"]
[White "vovasev"]
[Black "Sinrah-Tensei"]
[Result "0-1"]
[WhiteElo "2400"]
[BlackElo "2394"]
[PlyCount "96"]
[EventDate "2021.??.??"]
[EventType "blitz"]

1. e4 e5 2. Nf3 d5 3. Nxe5 Bd6 4. d4 dxe4 5. Bc4 Bxe5 6. dxe5 Qxd1+ 7. Kxd1 Be6
8. Bxe6 fxe6 9. Nd2 Nc6 10. Nxe4 O-O-O+ 11. Bd2 Nge7 12. c3 Ng6 13. Kc2 Ncxe5
14. f3 Nc4 15. Rad1 h6 16. Rhe1 e5 17. Bc1 Nf4 18. Bxf4 exf4 19. Rxd8+ Rxd8 20.
Re2 Ne3+ 21. Kb3 b6 22. g3 g5 23. g4 c5 24. Rd2 Nf1 25. Rxd8+ Kxd8 26. h3 Ke7
27. Kc4 a6 28. a4 Ne3+ 29. Kd3 Nd1 30. b3 Ke6 31. a5 bxa5 32. Nxc5+ Kd5 33. Ne4
a4 34. c4+ Ke5 35. bxa4 Nb2+ 36. Kc3 Nxa4+ 37. Kb4 Nb2 38. c5 Kd5 39. Ka5 Nd3
40. Kxa6 Nxc5+ 41. Nxc5 Kxc5 42. Kb7 Kd4 43. Kc7 Ke3 44. Kd6 Kxf3 45. Ke6 Kg3
46. Kf5 Kxh3 47. Kg6 Kxg4 48. Kxh6 f3 {Time forfeit} 0-1

[Event "Rated Blitz game"]
[Site "?"]
[Date "2021.04.05"]
[Round "?"]
[White "Milenaoxanova"]
[Black "blastol"]
[Result "1-0"]
[WhiteElo "2318"]
[BlackElo "2412"]
[PlyCount "127"]
[EventDate "2021.??.??"]
[EventType "blitz"]

1. e4 e5 2. Nf3 d5 3. Nxe5 Bd6 4. d4 dxe4 5. Nc3 Nf6 6. Bg5 O-O 7. Bxf6 Qxf6 8.
Nxe4 Qe7 9. Qe2 Bxe5 10. dxe5 Qxe5 11. O-O-O Re8 12. Qb5 Qxe4 13. Bd3 Qe5 14.
Rhe1 Qxb5 15. Bxb5 Rf8 16. Re7 c6 17. Bc4 b5 18. Bb3 c5 19. Bd5 Nc6 20. Bxc6
Rb8 21. Rxa7 Be6 22. b3 Rfc8 23. Bd7 Rf8 24. Bxe6 fxe6 25. Rdd7 Rxf2 26. Rxg7+
Kf8 27. Rxh7 Rxg2 28. a4 bxa4 29. Rxa4 Re8 30. Raa7 e5 31. Ra5 e4 32. Rxc5 e3
33. Rh8+ Rg8 34. Rxg8+ Kxg8 35. Kd1 Kf7 36. Ke2 Ke6 37. Rc3 Kd5 38. Rxe3 Rc8
39. Kd2 Rg8 40. h3 Kd4 41. Rd3+ Ke4 42. Kc3 Rc8+ 43. Kb2 Rg8 44. h4 Rg2 45. Rc3
Rh2 46. Rc4+ Kd5 47. Rg4 Kc5 48. b4+ Kb5 49. Kb3 Rh3+ 50. c3 Rh1 51. Rg5+ Kb6
52. h5 Rb1+ 53. Kc4 Rh1 54. Rg6+ Kc7 55. h6 Kd8 56. b5 Ke7 57. Kc5 Kf7 58. Rd6
Rh5+ 59. Kb6 Rh3 60. Rc6 Ke7 61. c4 Kd8 62. c5 Rh5 63. Rd6+ Kc8 64. c6 {
Time forfeit} 1-0

[Event "Rated Blitz game"]
[Site "?"]
[Date "2021.04.05"]
[Round "?"]
[White "The3Streets"]
[Black "annaly1979"]
[Result "0-1"]
[WhiteElo "2446"]
[BlackElo "2404"]
[PlyCount "102"]
[EventDate "2021.??.??"]
[EventType "blitz"]

1. e4 e5 2. Nf3 d5 3. d3 dxe4 4. dxe4 Qxd1+ 5. Kxd1 Nc6 6. c3 Bg4 7. Be3 O-O-O+
8. Kc2 f6 9. Nbd2 Nge7 10. Bc4 Ng6 11. h3 Bd7 12. b4 Kb8 13. a4 Bd6 14. a5 a6
15. Rhb1 f5 16. b5 axb5 17. Bxb5 f4 18. Bb6 cxb6 19. axb6 Bc5 20. Nc4 Be6 21.
Ra4 Bxc4 22. Bxc4 Rhe8 23. Ng5 Bxf2 24. Ne6 Rxe6 25. Bxe6 Be3 26. Bd5 Nge7 27.
c4 g5 28. Kc3 Bd4+ 29. Kd3 Bc5 30. Rb5 Be3 31. c5 Nxd5 32. exd5 Rxd5+ 33. Ke4
Rxc5 34. Rb1 Rc2 35. g3 h6 36. gxf4 gxf4 37. h4 Rh2 38. Ra3 Rxh4 39. Rd3 Bd4
40. Rd2 Rg4 41. Rh2 Rg6 42. Kf5 Rd6 43. Rg2 f3 44. Rg8+ Rd8 45. Rg7 f2 46. Ke4
Rf8 47. Rf1 Bxb6 48. Rh7 Rf6 49. Kd5 Rf4 50. Rh8+ Ka7 51. Ra1+ Ba5 {Normal} 0-1

[Event "Rated Blitz game"]
[Site "?"]
[Date "2021.04.05"]
[Round "?"]
[White "AntoniodelaTorre"]
[Black "Korshun_2022"]
[Result "1-0"]
[WhiteElo "2424"]
[BlackElo "2305"]
[PlyCount "125"]
[EventDate "2021.??.??"]
[EventType "blitz"]

1. e4 e5 2. Nf3 d5 3. Nxe5 Bd6 4. d4 dxe4 5. Nc4 Nf6 6. Nxd6+ Qxd6 7. Be2 O-O
8. Be3 Rd8 9. Nd2 Nc6 10. c3 Ne7 11. Nc4 Qe6 12. Ne5 h6 13. O-O Nfd5 14. c4
Nxe3 15. fxe3 f6 16. Ng4 h5 17. Nf2 h4 18. b3 f5 19. Nh3 Qh6 20. d5 Qxe3+ 21.
Kh1 Qh6 22. Qd4 Qf6 23. Qxf6 gxf6 24. Nf4 Kh7 25. Rad1 b6 26. g3 hxg3 27. hxg3
Kg7 28. Kg2 Bd7 29. b4 Ng6 30. a3 Nxf4+ 31. Rxf4 Rh8 32. c5 bxc5 33. bxc5 Rab8
34. d6 c6 35. Rd2 Rb1 36. Rf1 Rb3 37. Bc4 Rc3 38. Rb1 Rxc4 39. Rb7 Rd8 40. Rc7
Rxc5 41. Rb2 Kf7 42. Kf2 Ke6 43. Ke3 Kxd6 44. Rxa7 Rd5 45. a4 Rg8 46. Kf2 Rd3
47. Rbb7 Ke6 48. a5 Rgxg3 49. a6 Rgf3+ 50. Ke2 Rde3+ 51. Kd2 Ra3 52. Rxd7 Ra2+
53. Kc1 Rf1+ 54. Rd1 Ra1+ 55. Kb2 Rfxd1 56. Rc7 Rdb1+ 57. Kc2 Rb6 58. Rc8 Rbxa6
59. Re8+ Kd5 60. Rb8 Ke5 61. Re8+ Kf4 62. Rh8 R6a3 63. Kb2 {Time forfeit} 1-0